| 000 | 00510nam a22001817a 4500 | ||
|---|---|---|---|
| 003 | NUST - PNEC | ||
| 005 | 20170116180817.0 | ||
| 008 | 150609b xxu||||| |||| 00| 0 eng d | ||
| 020 | _a- | ||
| 040 | _cLIBRARY | ||
| 082 | _a358.405 SHA | ||
| 100 |
_93787 _aShabbir, Hussain |
||
| 245 |
_aHistory of the Pakistan Air force 1947-1982 _cSyed Shabbir Hussain |
||
| 260 |
_aKarachi, _bPAF Press Masroor, _cc1982. |
||
| 300 |
_a332 p. : _c22 cm. |
||
| 650 |
_93788 _aPakistan Air Force _xGeneral |
||
| 942 |
_2ddc _cBK |
||
| 999 |
_c63584 _d63584 |
||